ロード中...

Agricultural innovation systems : an investment source book/

書誌詳細
フォーマット: Printed Book
出版事項: Washington, D.C. : The World Bank, 2012.
シリーズ:Agriculture and rural development
主題:
LEADER 00717cam a2200181 a 4500
020 |a 9780821386842 
082 0 0 |a 338.16  |b Q2 
245 0 0 |a Agricultural innovation systems :  |b an investment source book/ 
260 |a Washington, D.C. :  |b The World Bank,  |c 2012. 
300 |a xx, 658 p. ; 
490 1 |a Agriculture and rural development 
504 |a Includes bibliographical references and index. 
650 0 |a Agricultural innovations-Economic aspects.  |9 22540 
650 0 |a Agriculture-Economic aspects.  |9 22541 
650 0 |a Rural development.  |9 22542 
942 |c BK 
999 |c 63914  |d 63914 
952 |0 0  |1 0  |4 0  |6 338_160000000000000_Q2  |7 0  |9 55785  |a MGUL  |b MGUL  |c GEN  |d 2014-05-14  |e 14  |g 3211.79  |l 0  |o 338.16 Q2  |p 51781  |r 2015-03-21  |v 3211.79  |y BK